[Event "Iasi op"]
[Site "Iasi"]
[Date "2014.05.11"]
[Round "2"]
[White "Radu, Daniel"]
[Black "Olinici, Emanuel"]
[Result "0-1"]
[WhiteElo "1575"]
[BlackElo "1857"]
[PlyCount "62"]
[EventDate "2014.05.10"]
[EventType "swiss"]
[EventRounds "9"]
[EventCountry "ROU"]
[SourceTitle "CBM 160 Extra"]
[Source "ChessBase"]
[SourceDate "2014.07.01"]
[SourceVersion "1"]
[SourceVersionDate "2014.07.01"]
[SourceQuality "1"]

1. d4 d5 2. c4 e6 3. Nf3 c6 4. Nc3 dxc4 5. a4 Bb4 6. e3 b5 7. Bd2 a5 8. axb5 Bxc3 9. Bxc3 cxb5 10. b3 Bb7 11. bxc4 b4 12. Bb2 Nf6 13. Bd3 0-0 14. 0-0 Nbd7 15. Nd2 Qc7 16. f3 h6 17. Kh1 Rfd8 18. Qc2 Bc6 19. e4 e5 20. d5 Nc5 21. Be2 Be8 22. Nb3 Ba4 23. Rxa4 Nxa4 24. Ba1 Nd7 25. Rc1 Nac5 26. Nxc5 Nxc5 27. Qb2 f6 28. g3 Rab8 29. Qb1 a4 30. f4 exf4 31. gxf4 Qxf4 0-1

[Event "ROM-ch U12"]
[Site "Calimanesti"]
[Date "2014.04.11"]
[Round "7"]
[White "Radu, Daniel"]
[Black "Palii, Alex"]
[Result "0-1"]
[WhiteElo "1606"]
[BlackElo "1468"]
[PlyCount "74"]
[EventDate "2014.04.06"]
[EventType "swiss"]
[EventRounds "9"]
[EventCountry "ROU"]
[SourceTitle "CBM 160 Extra"]
[Source "ChessBase"]
[SourceDate "2014.07.01"]
[SourceVersion "1"]
[SourceVersionDate "2014.07.01"]
[SourceQuality "1"]

1. d4 Nf6 2. c4 e6 3. Nc3 Bb4 4. e3 0-0 5. Bd3 b6 6. Nf3 Bb7 7. 0-0 Bxc3 8. bxc3 Ne4 9. Qc2 f5 10. Ne1 d6 11. f3 Nf6 12. e4 fxe4 13. fxe4 Nbd7 14. Nf3 e5 15. Bg5 Qe8 16. Rae1 Qe6 17. Qf2 Rf7 18. Qg3 Raf8 19. d5 Qg4 20. Qxg4 Nxg4 21. h3 Ngf6 22. Nh4 Nc5 23. Bc2 Ba6 24. Bxf6 Rxf6 25. Bb3 Rxf1+ 26. Rxf1 Rxf1+ 27. Kxf1 Nxe4 28. Ke2 Nxc3+ 29. Kd3 Nb1 30. Nf5 b5 31. Ne7+ Kf7 32. Nc6 Na3 33. Kc3 bxc4 34. Bd1 Nb5+ 35. Kb4 Nd4 36. Nxa7 Kf6 37. Bg4 e4 0-1

[Event "ROM-ch U12"]
[Site "Calimanesti"]
[Date "2014.04.09"]
[Round "5"]
[White "Radu, Daniel"]
[Black "Cujbescu, Radu Stefan"]
[Result "0-1"]
[WhiteElo "1606"]
[BlackElo "1429"]
[PlyCount "54"]
[EventDate "2014.04.06"]
[EventType "swiss"]
[EventRounds "9"]
[EventCountry "ROU"]
[SourceTitle "CBM 160 Extra"]
[Source "ChessBase"]
[SourceDate "2014.07.01"]
[SourceVersion "1"]
[SourceVersionDate "2014.07.01"]
[SourceQuality "1"]

1. d4 Nf6 2. c4 e6 3. Nc3 Bb4 4. e3 0-0 5. Bd3 b6 6. Nf3 Bb7 7. 0-0 Bxc3 8. bxc3 d6 9. Rb1 Nbd7 10. Re1 c5 11. e4 Qc7 12. e5 Ne8 13. Bf4 d5 14. Bxh7+ Kxh7 15. Ng5+ Kg6 16. Qg4 f5 17. exf6 Nexf6 18. Qg3 Nh5 19. Nxe6+ Nxg3 20. Nxf8+ Rxf8 21. Bxc7 Ne4 22. f3 Nxc3 23. Rb3 cxd4 24. cxd5 Nxd5 25. Rd3 Nxc7 26. Rxd4 Nc5 27. Re7 N7e6 0-1

[Event "ROM-ch U12"]
[Site "Calimanesti"]
[Date "2014.04.08"]
[Round "3"]
[White "Radu, Daniel"]
[Black "Gogonea, Paul"]
[Result "1/2-1/2"]
[WhiteElo "1606"]
[BlackElo "1479"]
[PlyCount "98"]
[EventDate "2014.04.06"]
[EventType "swiss"]
[EventRounds "9"]
[EventCountry "ROU"]
[SourceTitle "CBM 160 Extra"]
[Source "ChessBase"]
[SourceDate "2014.07.01"]
[SourceVersion "1"]
[SourceVersionDate "2014.07.01"]
[SourceQuality "1"]

1. d4 d5 2. c4 dxc4 3. Nc3 Nf6 4. e3 e6 5. Bxc4 a6 6. Nf3 Nbd7 7. 0-0 b5 8. Bd3 c5 9. dxc5 Bxc5 10. b3 0-0 11. Bb2 Bb7 12. Rc1 Rc8 13. e4 Bb6 14. Bb1 Qe7 15. Ng5 h6 16. Nf3 Rfe8 17. Qe2 Rc7 18. Rfd1 Rec8 19. e5 Nd5 20. Nxd5 Bxd5 21. Qd3 Nf8 22. Rxc7 Rxc7 23. Rc1 Rxc1+ 24. Bxc1 Qc7 25. Bb2 Qc5 26. Qd4 Qxd4 27. Bxd4 Bxd4 28. Nxd4 Nd7 29. f4 Kf8 30. Kf2 Nc5 31. g3 Ke7 32. Ke3 Kd7 33. Kd2 Ne4+ 34. Kd3 Nc5+ 35. Ke3 Kc7 36. f5 Kd7 37. Kf4 Kc7 38. Kg4 exf5+ 39. Nxf5 Be6 40. Kf4 g5+ 41. Kf3 Bxf5 42. Bxf5 Kc6 43. Be4+ Kc7 44. Bd5 Ne6 45. Bxe6 fxe6 46. Ke4 Kc6 47. b4 Kb6 48. a3 Kc6 49. h3 h5 1/2-1/2

[Event "World Amateur-ch"]
[Site "Iasi"]
[Date "2013.04.26"]
[Round "5"]
[White "Radu, Daniel"]
[Black "Milian, Marius Daniel"]
[Result "0-1"]
[WhiteElo "1552"]
[BlackElo "1821"]
[PlyCount "106"]
[EventDate "2013.04.22"]
[EventType "swiss"]
[EventRounds "9"]
[EventCountry "ROU"]
[SourceTitle "CBM 154 Extra"]
[Source "ChessBase"]
[SourceDate "2013.06.25"]
[SourceVersion "2"]
[SourceVersionDate "2013.06.25"]
[SourceQuality "1"]

1. d4 c6 2. c4 e5 3. d5 d6 4. e4 cxd5 5. cxd5 Nf6 6. Nc3 Be7 7. Nf3 a6 8. Bd3 Bg4 9. 0-0 0-0 10. Bg5 Nxd5 11. Nxd5 Bxg5 12. h3 Bh5 13. Be2 Bg6 14. Bd3 Bf6 15. Qb3 b5 16. Rac1 Nd7 17. Rc6 Nc5 18. Qc2 Rc8 19. Rxc8 Qxc8 20. Nxf6+ gxf6 21. Nh4 Qb7 22. Nxg6 hxg6 23. Qe2 Nxd3 24. Qxd3 Qc6 25. Rd1 Rd8 26. f3 Kg7 27. Qc3 Qxc3 28. bxc3 Kf8 29. Kf2 Ke7 30. Ke3 Rc8 31. Kd3 f5 32. Kc2 b4 33. Rd3 fxe4 34. fxe4 a5 35. a4 Rc4 36. Re3 bxc3 37. Rxc3 Rxa4 38. Kd3 Ke6 39. Ke3 Ra1 40. Kf3 a4 41. Rc6 a3 42. Ra6 a2 43. Kg3 Re1 44. Rxa2 Rxe4 45. Rd2 d5 46. Kf3 Rf4+ 47. Kg3 d4 48. Rd3 Rf1 49. Kg4 Kd5 50. Kg3 e4 51. Rd2 Re1 52. Kf4 d3 53. Ra2 e3 0-1